| 000 | 00647nam a22002537a 4500 | ||
|---|---|---|---|
| 003 | UA-OsUOA | ||
| 001 | 27179 | ||
| 007 | ta | ||
| 008 | 20040618b un ||||| |||| 00| 0 ukr d | ||
| 100 | _aЗаблоцький Б.Ф. | ||
| 090 |
_a330.342.22 _bЗ-12 |
||
| 942 | _cBK | ||
| 040 |
_aUA-OsUOA _bukr _cUA-OsUOA _dUA-OsUOA |
||
| 245 |
_aПерехідна економіка _bПосібник |
||
| 300 | _a512 с. | ||
| 955 | _a0 | ||
| 041 | _aukr | ||
| 080 | _a330.342.22 | ||
| 020 | _a966-580-170-8 | ||
| 260 |
_aКиїв _bВидавничий центр "Академія" _c2004 |
||
| 044 | _aUA | ||
| 650 | 7 | _2UDC | |
| 999 |
_c313521 _d313521 |
||